000
00282nam a22001097a 4500
008
170116b xxu||||| |||| 00| 0 eng d
020
_a
9780131714724
041
_a
eng
080
_2
2ND
_a
618.2
245
_a
MEDICAL-SURGICAL NURSING CARE
_c
BURKE & LEMONE & MOHN-BROWN
942
_2
udc
_c
BK
999
_c
2939
_d
2939